Accountancy in the 1980's : some issues : proceedings of the Arthur Young Professors Roundtable, University of Illinois, Urbana, Illinois, March 30-31, 1976 /

Bibliographic Details
Corporate Author: Arthur Young Professors' Roundtable University of Illinois
Other Authors: Bedford, Norton M.
Format: Conference Proceeding Book
Language:English
Published: [Reston, Va.] : [Council of Arthur Young Professors], [1977]
Subjects:

MARC

Tag First Indicator Second Indicator Subfields
LEADER 00000cam a2200000 i 4500
001 in00000320554
005 20151010164037.0
008 770627s1977 vau b 10010 eng
010 |a  77150809  
035 |a (OCoLC)03012833 
035 |9 ABJ7915AM 
040 |a DLC  |c DLC  |d TXA  |d UtOrBLW 
043 |a n-us--- 
049 |a TXAM  |c [1495505] 
050 0 0 |a HF5616.U5  |b A77 1976 
082 0 |a 657/.0973 
111 2 |a Arthur Young Professors' Roundtable  |d (1976 :  |c University of Illinois) 
245 1 0 |a Accountancy in the 1980's :  |b some issues : proceedings of the Arthur Young Professors Roundtable, University of Illinois, Urbana, Illinois, March 30-31, 1976 /  |c edited by Norton M. Bedford. 
264 1 |a [Reston, Va.] :  |b [Council of Arthur Young Professors],  |c [1977] 
264 4 |c ©1977 
300 |a viii, 285 pages ;  |c 23 cm. 
336 |a text  |b txt  |2 rdacontent 
337 |a unmediated  |b n  |2 rdamedia 
338 |a volume  |b nc  |2 rdacarrier 
504 |a Includes bibliographies. 
650 0 |a Accounting  |z United States  |x Congresses. 
650 0 |a Accounting  |x Study and teaching  |z United States  |x Congresses. 
700 1 |a Bedford, Norton M. 
999 |a MARS 
999 f f |s 84b85822-207f-3416-ab24-57615d4b20c0  |i 57d0870c-7b75-3243-8035-2a88e47852c9  |t 0 
952 f f |p ric  |a Texas A&M University  |b Rellis Campus  |c Joint Library Facility  |d Remote Storage  |t 0  |e HF5616.U5 A77 1976  |h Library of Congress classification  |i unmediated -- volume  |m A14802829889 
998 f f |a HF5616.U5 A77 1976  |t 0  |l Remote Storage